<?xml version="1.0" encoding="UTF-8"?>
<record
    xmlns:xsi="http://www.w3.org/2001/XMLSchema-instance"
    xsi:schemaLocation="http://www.loc.gov/MARC21/slim http://www.loc.gov/standards/marcxml/schema/MARC21slim.xsd"
    xmlns="http://www.loc.gov/MARC21/slim">

  <leader>02118    a2200229   4500</leader>
  <controlfield tag="001">4</controlfield>
  <controlfield tag="005">20260407155401.0</controlfield>
  <controlfield tag="008">260407a2006    arg                 spa d</controlfield>
  <controlfield tag="003">AR-UNSa-BCEJYS</controlfield>
  <datafield tag="040" ind1=" " ind2=" ">
    <subfield code="a">AR-UNSa-BCEJYS</subfield>
    <subfield code="b">spa</subfield>
    <subfield code="c">AR-UNSa-BCEJYS</subfield>
  </datafield>
  <datafield tag="080" ind1=" " ind2=" ">
    <subfield code="a">657.41</subfield>
    <subfield code="x">Contabilidad Financiera</subfield>
  </datafield>
  <datafield tag="245" ind1="1" ind2="0">
    <subfield code="a">Contabilidad Financiera</subfield>
  </datafield>
  <datafield tag="020" ind1=" " ind2=" ">
    <subfield code="a">978-987-01-0558-9</subfield>
  </datafield>
  <datafield tag="250" ind1=" " ind2=" ">
    <subfield code="a">2a. ed</subfield>
  </datafield>
  <datafield tag="264" ind1=" " ind2="1">
    <subfield code="a">Buenos Aires :</subfield>
    <subfield code="b">Errepar</subfield>
    <subfield code="c">2006</subfield>
  </datafield>
  <datafield tag="300" ind1=" " ind2=" ">
    <subfield code="a">936 p.</subfield>
    <subfield code="c">21 cm</subfield>
  </datafield>
  <datafield tag="505" ind1=" " ind2=" ">
    <subfield code="a">1. Resumen de la reciente evoluci&#xF3;n de la legislaci&#xF3;n contable en la Argentina desde los "principios" a las "normas" 2. Los estados contables b&#xE1;sicos de publicaci&#xF3;n 3. El tiempo en la vida de las empresas 4. Teor&#xED;a contable b&#xE1;sica 5. El balance general de presentaci&#xF3;n 6. El estado de resultados de publicaci&#xF3;n. Presentaci&#xF3;n formal 7. El estado de evoluci&#xF3;n del patrimonio neto de publicaci&#xF3;n. Presentaci&#xF3;n formal 8. Los estados de cambios en la posici&#xF3;n financiera- El estado de flujo de efectivo 9. Los estados de cambios en la posici&#xF3;n financiera - versi&#xF3;n ampliada: El estado de cambios en el capital circulante 10. Estructura patrimonial de la empresa 11. Caja y bancos 12. Inversiones temporarias 13. Cuentas por cobrar 14. Bienes de cambio 15. Inversiones permanentes 16. Combinaciones de negocios 17. Bienes de uso o propiedades, plantas y equipos 18. Activos intangibles 19. Compromisos ciertos - cuentas por pagar - deudas 20. Pasivo contingente 21. Instrumentos financieros derivados 22. Otros pasivos 23. Operaciones en moneda extranjera 24. Capital propio - Patrimonio neto - Aportes de los propietarios 25. Los resultados del ejercicio econ&#xF3;mico 26. Correcci&#xF3;n de la informaci&#xF3;n contable "hist&#xF3;rica" a moneda de cierre. Soluciones parciales 27. Soluciones integrales - Aplicaci&#xF3;n de la unidad de medida homog&#xE9;nea 28. Conversi&#xF3;n de estados contables a moneda extranjera - Teor&#xED;a  y pr&#xE1;ctica  </subfield>
  </datafield>
  <datafield tag="942" ind1=" " ind2=" ">
    <subfield code="c">BK</subfield>
  </datafield>
  <datafield tag="590" ind1=" " ind2=" ">
    <subfield code="a">niveau_biblio:m niveau_hierar:0</subfield>
  </datafield>
  <datafield tag="100" ind1="1" ind2=" ">
    <subfield code="a">Biondi, Mario</subfield>
  </datafield>
  <datafield tag="856" ind1="4" ind2="1">
    <subfield code="u">https://biblioeco.unsa.edu.ar/pmb/images/libros/Contabilidad Financiera2-l118168.jpg</subfield>
    <subfield code="y">Imagen de portada</subfield>
    <subfield code="q">image/jpeg</subfield>
  </datafield>
  <datafield tag="999" ind1=" " ind2=" ">
    <subfield code="c">4</subfield>
    <subfield code="d">4</subfield>
  </datafield>
  <datafield tag="952" ind1=" " ind2=" ">
    <subfield code="0">0</subfield>
    <subfield code="1">0</subfield>
    <subfield code="4">0</subfield>
    <subfield code="7">0</subfield>
    <subfield code="a">BCEJYS</subfield>
    <subfield code="b">BCEJYS</subfield>
    <subfield code="c">16</subfield>
    <subfield code="d">2026-04-07</subfield>
    <subfield code="l">0</subfield>
    <subfield code="o">657.41 B615 2ed.</subfield>
    <subfield code="p">L116298</subfield>
    <subfield code="r">2026-04-07 15:54:01</subfield>
    <subfield code="w">2026-04-07</subfield>
    <subfield code="y">L</subfield>
    <subfield code="z">MANCHADO P&#xC1;G 46, 47, 33 A 36 - CANTO MANCHADO</subfield>
  </datafield>
  <datafield tag="952" ind1=" " ind2=" ">
    <subfield code="0">0</subfield>
    <subfield code="1">0</subfield>
    <subfield code="4">0</subfield>
    <subfield code="7">0</subfield>
    <subfield code="a">BCEJYS</subfield>
    <subfield code="b">BCEJYS</subfield>
    <subfield code="c">16</subfield>
    <subfield code="d">2026-04-07</subfield>
    <subfield code="l">0</subfield>
    <subfield code="o">657.41 B615 2ed.</subfield>
    <subfield code="p">L116299</subfield>
    <subfield code="r">2026-04-07 15:54:01</subfield>
    <subfield code="w">2026-04-07</subfield>
    <subfield code="y">L</subfield>
    <subfield code="z">H&#xDA;MEDO EN CANTO SUPERIOR DESDE P&#xC1;G 211 A 234, 289 - MANCHADO P&#xC1;G 223 A 230 EN CANTO SUPERIOR, 257 A 266, 168 - P&#xC1;GINAS DOBLADAS EN ESQUINA SUPERIOR DESDE P&#xC1;G 307 A 350 - 1&#xB0; P&#xC1;GINA ARRUGADA - &#xDA;LTIMA P&#xC1;GINA MANCHADA - PARTIDO EN P&#xC1;G 168</subfield>
  </datafield>
  <datafield tag="952" ind1=" " ind2=" ">
    <subfield code="0">0</subfield>
    <subfield code="1">0</subfield>
    <subfield code="4">0</subfield>
    <subfield code="7">0</subfield>
    <subfield code="a">BCEJYS</subfield>
    <subfield code="b">BCEJYS</subfield>
    <subfield code="c">16</subfield>
    <subfield code="d">2026-04-07</subfield>
    <subfield code="l">0</subfield>
    <subfield code="o">657.41 B615 2ed.</subfield>
    <subfield code="p">L116300</subfield>
    <subfield code="r">2026-04-07 15:54:01</subfield>
    <subfield code="w">2026-04-07</subfield>
    <subfield code="y">L</subfield>
    <subfield code="z">PARTIDO EN P&#xC1;G 393 - UN POCO H&#xDA;MEDO EN CANTO INFERIOR - UN POCO MANCHADO - CANTO MANCHADO</subfield>
  </datafield>
  <datafield tag="952" ind1=" " ind2=" ">
    <subfield code="0">0</subfield>
    <subfield code="1">0</subfield>
    <subfield code="4">0</subfield>
    <subfield code="7">0</subfield>
    <subfield code="a">BCEJYS</subfield>
    <subfield code="b">BCEJYS</subfield>
    <subfield code="c">16</subfield>
    <subfield code="d">2026-04-07</subfield>
    <subfield code="l">0</subfield>
    <subfield code="o">657.41 B615 2ed.</subfield>
    <subfield code="p">L116301</subfield>
    <subfield code="r">2026-04-07 15:54:01</subfield>
    <subfield code="w">2026-04-07</subfield>
    <subfield code="y">L</subfield>
    <subfield code="z">PRIMERAS HOJAS MANCHADAS - L&#xC1;PIZ LEVE - UN POCO H&#xDA;MEDO EN CANTO INFERIOR - CANTO MANCHADO - PARTIDO EN P&#xC1;G 232</subfield>
  </datafield>
  <datafield tag="952" ind1=" " ind2=" ">
    <subfield code="0">0</subfield>
    <subfield code="1">0</subfield>
    <subfield code="4">0</subfield>
    <subfield code="7">0</subfield>
    <subfield code="a">BCEJYS</subfield>
    <subfield code="b">BCEJYS</subfield>
    <subfield code="c">16</subfield>
    <subfield code="d">2026-04-07</subfield>
    <subfield code="l">0</subfield>
    <subfield code="o">657.41 B615 2ed.</subfield>
    <subfield code="p">L116302</subfield>
    <subfield code="r">2026-04-07 15:54:01</subfield>
    <subfield code="w">2026-04-07</subfield>
    <subfield code="y">L</subfield>
    <subfield code="z">L&#xC1;PIZ - LAPICERA - CANTO MANCHADO</subfield>
  </datafield>
  <datafield tag="952" ind1=" " ind2=" ">
    <subfield code="0">0</subfield>
    <subfield code="1">0</subfield>
    <subfield code="4">0</subfield>
    <subfield code="7">0</subfield>
    <subfield code="a">BCEJYS</subfield>
    <subfield code="b">BCEJYS</subfield>
    <subfield code="c">16</subfield>
    <subfield code="d">2026-04-07</subfield>
    <subfield code="l">0</subfield>
    <subfield code="o">657.41 B615 2ed.</subfield>
    <subfield code="p">L116303</subfield>
    <subfield code="r">2026-04-07 15:54:01</subfield>
    <subfield code="w">2026-04-07</subfield>
    <subfield code="y">L</subfield>
    <subfield code="z">CANTO MANCHADO - H&#xDA;MEDO EN CANTO SUPERIOR DESDE P&#xC1;G 830 A FINAL - &#xDA;LTIMA P&#xC1;GINA MANCHADA</subfield>
  </datafield>
  <datafield tag="952" ind1=" " ind2=" ">
    <subfield code="0">0</subfield>
    <subfield code="1">0</subfield>
    <subfield code="4">0</subfield>
    <subfield code="7">0</subfield>
    <subfield code="a">BCEJYS</subfield>
    <subfield code="b">BCEJYS</subfield>
    <subfield code="c">16</subfield>
    <subfield code="d">2026-04-07</subfield>
    <subfield code="l">0</subfield>
    <subfield code="o">657.41 B615 2ed.</subfield>
    <subfield code="p">L116304</subfield>
    <subfield code="r">2026-04-07 15:54:01</subfield>
    <subfield code="w">2026-04-07</subfield>
    <subfield code="y">L</subfield>
    <subfield code="z">PRIMERAS P&#xC1;GINAS UN POCO H&#xDA;MEDAS EN CANTO INFERIOR - MANCHADO EN P&#xC1;G 48 Y &#xDA;LTIMA P&#xC1;GINA</subfield>
  </datafield>
  <datafield tag="952" ind1=" " ind2=" ">
    <subfield code="0">0</subfield>
    <subfield code="1">0</subfield>
    <subfield code="4">0</subfield>
    <subfield code="7">0</subfield>
    <subfield code="a">BCEJYS</subfield>
    <subfield code="b">BCEJYS</subfield>
    <subfield code="c">16</subfield>
    <subfield code="d">2026-04-07</subfield>
    <subfield code="l">0</subfield>
    <subfield code="o">657.41 B615 2ed.</subfield>
    <subfield code="p">L116305</subfield>
    <subfield code="r">2026-04-07 15:54:01</subfield>
    <subfield code="w">2026-04-07</subfield>
    <subfield code="y">L</subfield>
    <subfield code="z">L&#xC1;PIZ - PARTIDO EN P&#xC1;G 298 - CANTO SUPERIOR ESCRITO (DIBUJOS)</subfield>
  </datafield>
  <datafield tag="952" ind1=" " ind2=" ">
    <subfield code="0">0</subfield>
    <subfield code="1">0</subfield>
    <subfield code="4">0</subfield>
    <subfield code="7">0</subfield>
    <subfield code="a">BCEJYS</subfield>
    <subfield code="b">BCEJYS</subfield>
    <subfield code="c">16</subfield>
    <subfield code="d">2026-04-07</subfield>
    <subfield code="l">0</subfield>
    <subfield code="o">657.41 B615 2ed.</subfield>
    <subfield code="p">L116306</subfield>
    <subfield code="r">2026-04-07 15:54:01</subfield>
    <subfield code="w">2026-04-07</subfield>
    <subfield code="y">L</subfield>
    <subfield code="z">MANCHADO EN PARTE SUPERIOR EN P&#xC1;G 7 A 12 - PARTIDO EN P&#xC1;G 456 Y 457</subfield>
  </datafield>
  <datafield tag="952" ind1=" " ind2=" ">
    <subfield code="0">0</subfield>
    <subfield code="1">0</subfield>
    <subfield code="4">0</subfield>
    <subfield code="7">0</subfield>
    <subfield code="a">BCEJYS</subfield>
    <subfield code="b">BCEJYS</subfield>
    <subfield code="c">16</subfield>
    <subfield code="d">2026-04-07</subfield>
    <subfield code="l">0</subfield>
    <subfield code="o">657.41 B615 2ed.</subfield>
    <subfield code="p">L116307</subfield>
    <subfield code="r">2026-04-07 15:54:01</subfield>
    <subfield code="w">2026-04-07</subfield>
    <subfield code="y">L</subfield>
    <subfield code="z">CANTO MANCHADO CON ROSADO - L&#xC1;PIZ - PARTIDO P&#xC1;G 488 - UN POCO H&#xDA;MEDO EN CANTO SUPERIOR E INFERIOR</subfield>
  </datafield>
  <datafield tag="952" ind1=" " ind2=" ">
    <subfield code="0">0</subfield>
    <subfield code="1">0</subfield>
    <subfield code="4">0</subfield>
    <subfield code="7">0</subfield>
    <subfield code="a">BCEJYS</subfield>
    <subfield code="b">BCEJYS</subfield>
    <subfield code="c">16</subfield>
    <subfield code="d">2026-04-07</subfield>
    <subfield code="l">0</subfield>
    <subfield code="o">657.41 B615 2ed.</subfield>
    <subfield code="p">L118164</subfield>
    <subfield code="r">2026-04-07 15:54:01</subfield>
    <subfield code="w">2026-04-07</subfield>
    <subfield code="y">L</subfield>
    <subfield code="z">L&#xC1;PIZ EN INDICE - CANTO CON MANCHITAS - MANCHADO EN P&#xC1;G 799, 26, 27, 170</subfield>
  </datafield>
  <datafield tag="952" ind1=" " ind2=" ">
    <subfield code="0">0</subfield>
    <subfield code="1">0</subfield>
    <subfield code="4">0</subfield>
    <subfield code="7">0</subfield>
    <subfield code="a">BCEJYS</subfield>
    <subfield code="b">BCEJYS</subfield>
    <subfield code="c">16</subfield>
    <subfield code="d">2026-04-07</subfield>
    <subfield code="l">0</subfield>
    <subfield code="o">657.41 B615 2ed.</subfield>
    <subfield code="p">L118165</subfield>
    <subfield code="r">2026-04-07 15:54:01</subfield>
    <subfield code="w">2026-04-07</subfield>
    <subfield code="y">L</subfield>
    <subfield code="z">L&#xC1;PIZ - &#xDA;LTIMA P&#xC1;GINA ARRUGADA</subfield>
  </datafield>
  <datafield tag="952" ind1=" " ind2=" ">
    <subfield code="0">0</subfield>
    <subfield code="1">0</subfield>
    <subfield code="4">0</subfield>
    <subfield code="7">0</subfield>
    <subfield code="a">BCEJYS</subfield>
    <subfield code="b">BCEJYS</subfield>
    <subfield code="c">16</subfield>
    <subfield code="d">2026-04-07</subfield>
    <subfield code="l">0</subfield>
    <subfield code="o">657.41 B615 2ed.</subfield>
    <subfield code="p">L118166</subfield>
    <subfield code="r">2026-04-07 15:54:01</subfield>
    <subfield code="w">2026-04-07</subfield>
    <subfield code="y">L</subfield>
    <subfield code="z">PARTIDO EN P&#xC1;G 201 - L&#xC1;PIZ</subfield>
  </datafield>
  <datafield tag="952" ind1=" " ind2=" ">
    <subfield code="0">0</subfield>
    <subfield code="1">0</subfield>
    <subfield code="4">0</subfield>
    <subfield code="7">0</subfield>
    <subfield code="a">BCEJYS</subfield>
    <subfield code="b">BCEJYS</subfield>
    <subfield code="c">16</subfield>
    <subfield code="d">2026-04-07</subfield>
    <subfield code="l">0</subfield>
    <subfield code="o">657.41 B615 2ed.</subfield>
    <subfield code="p">L118167</subfield>
    <subfield code="r">2026-04-07 15:54:01</subfield>
    <subfield code="w">2026-04-07</subfield>
    <subfield code="y">L</subfield>
    <subfield code="z">H&#xDA;MEDO EN PARTE SUPERIOR Y LATERAL - &#xDA;LTIMA P&#xC1;GINA MANCHADA - CANTO MANCHADO</subfield>
  </datafield>
  <datafield tag="952" ind1=" " ind2=" ">
    <subfield code="0">0</subfield>
    <subfield code="1">0</subfield>
    <subfield code="4">0</subfield>
    <subfield code="7">0</subfield>
    <subfield code="a">BCEJYS</subfield>
    <subfield code="b">BCEJYS</subfield>
    <subfield code="c">16</subfield>
    <subfield code="d">2026-04-07</subfield>
    <subfield code="l">0</subfield>
    <subfield code="o">657.41 B615 2ed.</subfield>
    <subfield code="p">L118168</subfield>
    <subfield code="r">2026-04-07 15:54:01</subfield>
    <subfield code="w">2026-04-07</subfield>
    <subfield code="y">L</subfield>
    <subfield code="z">CANTO CON LAPICERA ROJA - PRIMERAS HOJAS H&#xDA;MEDAS EN ESQUINA SUPERIOR</subfield>
  </datafield>
</record>
